Western Historical Quarterly

Chi tiết về thư mục
Định dạng: Điện tử Tạp chí
Ngôn ngữ:English
Được phát hành: Oxford University Press
Những chủ đề:
Truy cập trực tuyến:Full text available on JSTOR[1970-01-01 - 2017-12-01]
Off-campus access
LEADER 00998cas a2200217 a 4500
001 AALejournalJSTOR003082
008 230228c9999 xx r poo 0 0eng d
022 |a 0043-3810 
022 |a 1939-8603 
040 |a BD-DhAAL  |c BD-DhAAL 
245 0 0 |h [electronic resource]  |a Western Historical Quarterly 
260 |b Oxford University Press 
300 |a 1 online resource 
362 0 |a Vol. 1,  |a no. 1 
500 |a <strong>Off-Campus Access:</strong> Athens ID and Password Required 
500 |a <strong>On-Campus Access:</strong> No User ID or Password Required 
506 |a Electronic access restricted to authorized BRAC University faculty, staff and students 
538 |a Mode of access: Internet 
650 4 |a American Studies ; Area Studies ; History 
856 4 0 |z Full text available on JSTOR[1970-01-01 - 2017-12-01]  |u https://www.jstor.org/journal/westhistquar 
856 4 0 |z Off-campus access  |u https://go.openathens.net/redirector/bracu.ac.bd?url=https%3A%2F%2Fwww.jstor.org%2Fjournal%2Fwesthistquar